000 00428nam a22001697a 4500
005 20160523120239.0
008 160523b xxu||||| |||| 00| 0 eng d
020 _a81-203-2303-3
041 _aeng
082 _b4204
100 _aMoutammed/Adil H
_91035
245 _aQuantitative Methods for Business and Economics
260 _aNew Delhi
_bAcademic Faundation
300 _a367
650 _aManagement
_9241
942 _cBK
999 _c1427
_d1427